Somalia First Level Subdivisions - Statistics

General Stats
  • This quiz has been taken 60 times
  • The average score is 8 of 18
Answer Stats
Gobolada % Correct
Bay
72%
Bari
67%
Lower Juba
67%
Banaadir
56%
Middle Juba
56%
Sool
50%
Mudug
44%
Awdal
39%
Bakool
39%
Galguduud
39%
Hiran
39%
Nugal
39%
Sanaag
39%
Togdheer
39%
Gedo
33%
Woqooyi Galbeed
33%
Lower Shebelle
22%
Middle Shebelle
17%
No matching quizzes found
Score Distribution
Percent of People with Each Score
Percentile by Number Answered
Your Score History
You have not taken this quiz